[Event "Ferrol op 32th"]
[Site "Ferrol"]
[Date "2017.07.18"]
[Round "3"]
[White "De Jesus Brea, Luis Miguel"]
[Black "Garcia Bugallo, Jose Luis"]
[Result "0-1"]
[WhiteElo "1502"]
[BlackElo "1842"]
[PlyCount "64"]
[EventDate "2017.07.16"]
[EventType "swiss"]
[EventRounds "9"]
[EventCountry "ESP"]
[SourceTitle "EXT 2024"]
[Source "ChessBase"]
[SourceDate "2023.10.10"]
[SourceVersion "1"]
[SourceVersionDate "2023.10.10"]
[SourceQuality "1"]

1. e4 c5 2. Bc4 e6 3. Nc3 a6 4. a3 b5 5. Be2 Bb7 6. Bf3 Nc6 7. Nge2 Ne5 8. Ng3 Nxf3+ 9. Qxf3 Qf6 10. Qe2 g6 11. 0-0 Bg7 12. d3 h5 13. Re1 d6 14. Nf1 h4 15. h3 Ne7 16. Nh2 Nc6 17. Ng4 Qe7 18. Bf4 Nd4 19. Qd2 e5 20. Bg5 f6 21. Be3 f5 22. Nh2 f4 23. Bxd4 cxd4 24. Nd5 Bxd5 25. exd5 Qf7 26. Ng4 Rc8 27. Rac1 0-0 28. f3 Qxd5 29. Qa5 Qb7 30. Qb4 Rc5 31. a4 a5 32. Qxa5 b4 0-1